<?xml version="1.0" encoding="UTF-8"?>
<record
    xmlns:xsi="http://www.w3.org/2001/XMLSchema-instance"
    xsi:schemaLocation="http://www.loc.gov/MARC21/slim http://www.loc.gov/standards/marcxml/schema/MARC21slim.xsd"
    xmlns="http://www.loc.gov/MARC21/slim">

  <leader>00889cam a22002651  4500</leader>
  <controlfield tag="001">sa 68000482 </controlfield>
  <controlfield tag="003">DLC</controlfield>
  <controlfield tag="005">20260227112424.0</controlfield>
  <controlfield tag="008">890913s1964    ii       b    000 0 inco </controlfield>
  <datafield tag="010" ind1=" " ind2=" ">
    <subfield code="a">sa 68000482 </subfield>
  </datafield>
  <datafield tag="035" ind1=" " ind2=" ">
    <subfield code="a">(OCoLC)20335767</subfield>
  </datafield>
  <datafield tag="040" ind1=" " ind2=" ">
    <subfield code="a">DLC</subfield>
    <subfield code="c">WaU</subfield>
    <subfield code="d">NRU</subfield>
    <subfield code="d">DLC</subfield>
  </datafield>
  <datafield tag="041" ind1="0" ind2=" ">
    <subfield code="a">inchin</subfield>
  </datafield>
  <datafield tag="042" ind1=" " ind2=" ">
    <subfield code="a">premarc</subfield>
  </datafield>
  <datafield tag="050" ind1="0" ind2="0">
    <subfield code="a">PK2479.N3</subfield>
    <subfield code="b">B5 1964</subfield>
  </datafield>
  <datafield tag="100" ind1="1" ind2=" ">
    <subfield code="a">Narapati N&#x101;lha,</subfield>
    <subfield code="d">active 12th century.</subfield>
  </datafield>
  <datafield tag="245" ind1="1" ind2="0">
    <subfield code="a">B&#x12B;saladeva r&#x101;so.</subfield>
    <subfield code="c">Sa&#x1E43;p&#x101;daka Satyaj&#x12B;vana Varm&#x101;.</subfield>
  </datafield>
  <datafield tag="260" ind1=" " ind2=" ">
    <subfield code="a">K&#x101;&#x15B;&#x12B;,</subfield>
    <subfield code="b">N&#x101;gar&#x12B; Prac&#x101;ri&#x1E47;&#x12B; Sabh&#x101;</subfield>
    <subfield code="c">[1964 or 5]</subfield>
  </datafield>
  <datafield tag="300" ind1=" " ind2=" ">
    <subfield code="a">44, 115, 4 p.</subfield>
    <subfield code="c">18 cm.</subfield>
  </datafield>
  <datafield tag="490" ind1="0" ind2=" ">
    <subfield code="a">B&#x101;l&#x101;baksha R&#x101;japuta C&#x101;ra&#x1E47;a Pustakam&#x101;l&#x101; ;</subfield>
    <subfield code="v">2</subfield>
  </datafield>
  <datafield tag="546" ind1=" " ind2=" ">
    <subfield code="a">In Dingal; introductory matter and commentary in Hindi.</subfield>
  </datafield>
  <datafield tag="504" ind1=" " ind2=" ">
    <subfield code="a">Bibliographical footnotes.</subfield>
  </datafield>
  <datafield tag="600" ind1="0" ind2="0">
    <subfield code="a">Vigraha Raja,</subfield>
    <subfield code="b">IV,</subfield>
    <subfield code="c">King of Ajmer,</subfield>
    <subfield code="d">active 1001</subfield>
    <subfield code="v">Poetry.</subfield>
  </datafield>
  <datafield tag="700" ind1="1" ind2=" ">
    <subfield code="a">Varm&#x101;, Satyaj&#x12B;vana,</subfield>
    <subfield code="d">1898-</subfield>
  </datafield>
  <datafield tag="999" ind1=" " ind2=" ">
    <subfield code="c">77238</subfield>
    <subfield code="d">77238</subfield>
  </datafield>
</record>
